000 nam a22 7a 4500
999 _c20058
_d20058
008 170118b xxu||||| |||| 00| 0 eng d
020 _a0965531082
050 _aRT 41 .C67 2004
245 _aCore curriculum for medical-surgical nursing/
_cEdited by Brozenec, Sally A
250 _a3rd ed.
260 _aNew Jersey :
_bAcademy of Medical-Surgical Nurses,
_c2004.
300 _aviii, 467p. :
_c29 cm.
500 _aIncludes index.
650 _aNursing.
650 _aSurgical nursing.
700 _aEdited by Rusell, Sally S.
942 _2lcc
_cBOOKS
_hRT 41 .C67 2004